Homenaje a Menéndez y Pelayo / : (Record no. 26817)
[ view plain ]
| 000 -CABECERA | |
|---|---|
| campo de control de longitud fija | 00765nam a2200241 a 4500 |
| 001 - NÚMERO DE CONTROL | |
| campo de control | 000027325 |
| 003 - IDENTIFICADOR DEL NÚMERO DE CONTROL | |
| campo de control | DO-SdBNP |
| 005 - FECHA Y HORA DE LA ÚLTIMA TRANSACCIÓN | |
| campo de control | 20220909095951.0 |
| 007 - CAMPO FIJO DE DESCRIPCIÓN FÍSICA--INFORMACIÓN GENERAL | |
| campo de control de longitud fija | ta |
| 008 - DATOS DE LONGITUD FIJA--INFORMACIÓN GENERAL | |
| campo de control de longitud fija | 110331s1957 dr r 000 0bspa d |
| 040 ## - FUENTE DE LA CATALOGACIÓN | |
| Centro catalogador/agencia de origen | DO-SdBNP |
| Lengua de catalogación | spa |
| Centro/agencia transcriptor | BNPHU |
| 082 ## - NÚMERO DE LA CLASIFICACIÓN DECIMAL DEWEY | |
| Número de clasificación | 928 |
| Número de documento/Ítem | M542u |
| 245 00 - MENCIÓN DE TÍTULO | |
| Título | Homenaje a Menéndez y Pelayo / : |
| 260 ## - PUBLICACIÓN, DISTRIBUCIÓN, ETC. | |
| Lugar de publicación, distribución, etc. | Ciudad Trujillo, República Dominicana : |
| Nombre del editor, distribuidor, etc. | Universidad de Santo Domingo |
| -- | Editorial Pol Hermano, |
| Fecha de publicación, distribución, etc. | 1957. |
| 300 ## - DESCRIPCIÓN FÍSICA | |
| Extensión | 70 P. ; |
| Dimensiones | 24 cm. |
| 490 1# - MENCIÓN DE SERIE | |
| Mención de serie | Universidad de Santo Domingo |
| Designación de volumen o secuencia | 109 |
| 500 ## - NOTA GENERAL | |
| Nota general | Incluye notas a pie de paginas. |
| 590 ## - NOTA LOCAL (RLIN) | |
| Nota local | Inventariado, 2022/ YL |
| 600 #4 - PUNTO DE ACCESO ADICIONAL DE MATERIA--NOMBRE DE PERSONA | |
| Nombre de persona | Menéndez y Pelayo Marcelino 1856-1917 |
| Subdivisión general | Homenaje póstumo. |
| 9 (RLIN) | 82331 |
| 830 #0 - PUNTO DE ACCESO ADICIONAL DE SERIE-TÍTULO UNIFORME | |
| Título uniforme | Serie 9 |
| Designación de volumen o secuencia | 4 |
| 9 (RLIN) | 54405 |
| 910 ## - DATOS DE OPCIÓN DEL USUARIO (OCLC) | |
| Datos de opción del usuario | YLockward |
| 942 ## - ELEMENTOS DE PUNTO DE ACCESO ADICIONAL (KOHA) | |
| Fuente del sistema de clasificación o colocación | Dewey Decimal Classification |
| Tipo de ítem Koha | Libro |
| Estado de retiro | Estado de pérdida | Fuente del sistema de clasificación o colocación | Restricciones de uso | No para préstamo | Código de colección | Localización permanente | Ubicación/localización actual | Ubicación en estantería | Fecha de adquisición | Número de inventario | Signatura topográfica completa | Código de barras | Fecha visto por última vez | Precio válido a partir de | Tipo de ítem Koha | Nota pública | Número de copia |
|---|---|---|---|---|---|---|---|---|---|---|---|---|---|---|---|---|---|
| Dewey Decimal Classification | Excluido de préstamo | Patrimonio Dominicano Raros y Valiosos | Biblioteca Nacional Pedro Henríquez Ureña | Biblioteca Nacional Pedro Henríquez Ureña | Depósito | 31.03.2011 | LF1 | xxxx xxxx | 27325-10 | 25.06.2020 | 25.06.2020 | Libro | Perteneció a la biblioteca personal de Martínez Boog. | ||||
| Dewey Decimal Classification | Excluido de préstamo | Patrimonio Dominicano Raros y Valiosos | Biblioteca Nacional Pedro Henríquez Ureña | Biblioteca Nacional Pedro Henríquez Ureña | En encuadernación | 05.07.2019 | LF1 | xxxx xxxx | 27325-20 | 25.06.2020 | 25.06.2020 | Libro | e.2 |
